Fr. Conceicao Rodrigues College of Engineering

Engineering Optimization:A modern approach (Record no. 18822)

MARC details
000 -LEADER
fixed length control field 00384nam a2200169Ia 4500
082 ## - DEWEY DECIMAL CLASSIFICATION NUMBER
Classification number 658.4033
Item number GAN
100 ## - MAIN ENTRY--PERSONAL NAME
Personal name Ganguli/Ranjan
245 ## - TITLE STATEMENT
Title Engineering Optimization:A modern approach
260 ## - PUBLICATION, DISTRIBUTION, ETC.
Name of publisher, distributor, etc. University Press
Date of publication, distribution, etc. 2011
366 ## - TRADE AVAILABILITY INFORMATION
Publishers's discount category 23
300 ## - PHYSICAL DESCRIPTION
Extent 257
546 ## - LANGUAGE NOTE
Language note ENGLISH
-- Info.Tech
650 ## - SUBJECT ADDED ENTRY--TOPICAL TERM
Topical term or geographic name entry element Optimization
654 ## - SUBJECT ADDED ENTRY--FACETED TOPICAL TERMS
Focus term optimization
942 ## - ADDED ENTRY ELEMENTS (KOHA)
Koha item type BOOK
Holdings
Withdrawn status Lost status Damaged status Not for loan Collection Home library Current library Date acquired Source of acquisition Cost, normal purchase price Inventory number Total Checkouts Full call number Barcode Date last seen Date last checked out Cost, replacement price Price effective from Koha item type
        CRC Fr. Agnel's C.Rodrigues College of Engineering Fr. Agnel's C.Rodrigues College of Engineering 17/03/2023 Book Base 269.50 12063 dt 19/01/2013 1 658.4033 GAN 22428 21/03/2025 20/01/2025 350.00   BOOK
        CRC Fr. Agnel's C.Rodrigues College of Engineering Fr. Agnel's C.Rodrigues College of Engineering 17/03/2023 Book Base 269.50 12063 dt 19/01/2013   658.4033 GAN 22429 17/03/2023   350.00   BOOK